00512 2200205 4500001002100000008004100021035002000062245004800082100001600130250002000146260003400166300002000200020001800220084001500238082001000253650001600263990000900279990000900288990000900297INLIS000000000002258 ind  a0010-0425002258 aJaka TarubbSeri Cerita RakyatcM. Rantissi aM. Rantissi aCetakan pertama aJakarta :bBintang Indonesia, a24 hlm.c19 cm. a602-218-230-1 a398.2 M. j a398.2 aM. Rantissi a5972 a5973 a5974